Women, information, and the future : (Record no. 8506)
[ view plain ]
| 000 -LEADER | |
|---|---|
| fixed length control field | 01280pam a2200301 a 4500 |
| 001 - CONTROL NUMBER | |
| control field | 3977918 |
| 003 - CONTROL NUMBER IDENTIFIER | |
| control field | OSt |
| 005 - DATE AND TIME OF LATEST TRANSACTION | |
| control field | 20140310182027.0 |
| 008 - FIXED-LENGTH DATA ELEMENTS--GENERAL INFORMATION | |
| fixed length control field | 950411s1995 wiua b 101 0 eng |
| 010 ## - LIBRARY OF CONGRESS CONTROL NUMBER | |
| LC control number | 95008890 |
| 020 ## - INTERNATIONAL STANDARD BOOK NUMBER | |
| International Standard Book Number | 0917846672 (alk. paper) |
| 040 ## - CATALOGING SOURCE | |
| Original cataloging agency | DLC |
| Transcribing agency | DLC |
| Modifying agency | DLC |
| 050 00 - LIBRARY OF CONGRESS CALL NUMBER | |
| Classification number | Z 675.W57 |
| Item number | .W65 1995 |
| 082 00 - DEWEY DECIMAL CLASSIFICATION NUMBER | |
| Classification number | HS 026.3054 |
| Item number | W84 1995 |
| 110 ## - MAIN ENTRY--CORPORATE NAME | |
| Corporate name or jurisdiction name as entry element | Highsmith Press. |
| 9 (RLIN) | 9983 |
| 245 00 - TITLE STATEMENT | |
| Title | Women, information, and the future : |
| Remainder of title | collecting and sharing resources worldwide / |
| Statement of responsibility, etc | edited by Eva Steiner Moseley. |
| 260 ## - PUBLICATION, DISTRIBUTION, ETC. (IMPRINT) | |
| Place of publication, distribution, etc | Fort Atkinson, Wis. : |
| Name of publisher, distributor, etc | Highsmith Press, |
| Date of publication, distribution, etc | c1995. |
| 300 ## - PHYSICAL DESCRIPTION | |
| Extent | 296 p. : |
| Other physical details | ill. ; |
| Dimensions | 23 cm. |
| 500 ## - GENERAL NOTE | |
| General note | "Proceedings of a conference sponsored by the Schlesinger Library on the History of Women in America and held at Radcliffe College 17-20 June 1994." |
| 504 ## - BIBLIOGRAPHY, ETC. NOTE | |
| Bibliography, etc | Includes bibliographical references and index. |
| 650 #0 - SUBJECT ADDED ENTRY--TOPICAL TERM | |
| Topical term or geographic name as entry element | Women's studies libraries |
| General subdivision | Congresses. |
| 9 (RLIN) | 9984 |
| 700 1# - ADDED ENTRY--PERSONAL NAME | |
| Personal name | Moseley, Eva Steiner. |
| 9 (RLIN) | 9985 |
| 710 2# - ADDED ENTRY--CORPORATE NAME | |
| Corporate name or jurisdiction name as entry element | Arthur and Elizabeth Schlesinger Library on the History of Women in America. |
| 9 (RLIN) | 9986 |
| 906 ## - LOCAL DATA ELEMENT F, LDF (RLIN) | |
| a | 7 |
| b | cbc |
| c | orignew |
| d | 1 |
| e | ocip |
| f | 19 |
| g | y-gencatlg |
| 942 ## - ADDED ENTRY ELEMENTS (KOHA) | |
| Source of classification or shelving scheme | Library of Congress Classification |
| Withdrawn status | Lost status | Source of classification or shelving scheme | Damaged status | Home library | Current library | Shelving location | Date acquired | Total Checkouts | Full call number | Barcode | Date last seen | Copy number | Price effective from | Koha item type |
|---|---|---|---|---|---|---|---|---|---|---|---|---|---|---|
| Library of Congress Classification | Luxembourg Library | Luxembourg Library | High School Section | 08/14/2013 | Z 675.W57 .W65 1995 | 3405 | 08/14/2013 | 1 | 08/14/2013 | Books |